| 000 | 00691nam a2200217Ia 4500 | ||
|---|---|---|---|
| 003 | IN-BaIIA | ||
| 008 | 211028s9999 xx 000 0 eng d | ||
| 020 | _a0-521-55213-3 | ||
| 040 | _cIIA Library | ||
| 080 |
_a523.4 _bBRU-II |
||
| 100 |
_aBrush, Stephen G _913676 |
||
| 245 | 0 |
_aTransmuted past _bthe age of the earth and the evolution of the elements from Lyell to Patterson _cStephen G. Brush |
|
| 260 |
_aCambridge _bCambridge University Press _c1996 |
||
| 300 | _ax, 134p. | ||
| 490 | _aA History of modern planetary physics; v. 2 | ||
| 650 |
_aEarth-age _924937 |
||
| 650 |
_aEarth-history _924938 |
||
| 650 | _aNucleosynthesis | ||
| 650 |
_aStar evolution _924939 |
||
| 942 | _cBK | ||
| 999 |
_c14163 _d14163 |
||